Statistics for NBA Best Teams Starters 2000s

Click here to take the quiz!

General Stats

  • This quiz has been taken 1,056 times
    (1,054 since last reset)
  • The average score is 80 of 150

Answer Stats

TeamPositionPlayer% Correct
Heat 2005-06CShaquille O'Neal
100%
Lakers 1999-00CShaquille O'Neal
100%
Lakers 1999-00SGKobe Bryant
99%
Celtics 2007-08PFKevin Garnett
96%
Timberwolves 2003-04PFKevin Garnett
96%
Heat 2005-06SGDwyane Wade
94%
SuperSonics 2004-05SGRay Allen
94%
Bucks 2000-01SGRay Allen
94%
Celtics 2007-08SGRay Allen
94%
Spurs 2002-03PFTim Duncan
94%
Cavaliers 2006-07SFLeBron James
93%
Celtics 2007-08SFPaul Pierce
93%
76ers 2000-01SGAllen Iverson
92%
Mavericks 2005-06PFDirk Nowitzki
91%
Nets 2001-02PGJason Kidd
91%
Spurs 2002-03PGTony Parker
91%
Pistons 2003-04CBen Wallace
90%
Bulls 2006-07CBen Wallace
90%
Celtics 2007-08PGRajon Rondo
90%
Trail Blazers 1999-00PFRasheed Wallace
90%
Pistons 2003-04PFRasheed Wallace
90%
Suns 2004-05PGSteve Nash
89%
Magic 2008-09CDwight Howard
88%
Mavericks 2005-06SFJosh Howard
88%
Nuggets 2008-09PGChauncey Billups
86%
Pistons 2003-04PGChauncey Billups
86%
Spurs 2002-03CDavid Robinson
86%
Bucks 2000-01SFGlenn Robinson
86%
Grizzlies 2003-04SFMike Miller
86%
Pacers 1999-00SGReggie Miller
86%
SuperSonics 2004-05CJerome James
84%
Jazz 1999-00PFKarl Malone
84%
Raptors 2000-01SFVince Carter
84%
Nuggets 2008-09SFCarmelo Anthony
80%
Jazz 1999-00PGJohn Stockton
80%
Celtics 2007-08CKendrick Perkins
78%
Suns 2004-05CAmar'e Stoudemire
76%
Rockets 2008-09CYao Ming
76%
Trail Blazers 1999-00PGDamon Stoudamire
75%
Grizzlies 2003-04PGJason Williams
75%
Heat 2005-06PGJason Williams
75%
Hawks 2008-09SFMarvin Williams
75%
Knicks 1999-00CPatrick Ewing
75%
Bucks 2000-01CScott Williams
75%
Grizzlies 2003-04PFPau Gasol
74%
Hornets* 2007-08PGChris Paul
73%
Kings 2001-02PFChris Webber
73%
Pistons 2003-04SGRichard Hamilton
71%
Raptors 2000-01CAntonio Davis
70%
Warriors 2006-07PGBaron Davis
70%
Hornets 2000-01PGBaron Davis
70%
Pacers 1999-00PFDale Davis
70%
76ers 2000-01CDikembe Mutombo
70%
Timberwolves 2003-04CErvin Johnson
67%
Hawks 2008-09SGJoe Johnson
67%
Suns 2004-05SFJoe Johnson
67%
Knicks 1999-00PFLarry Johnson
67%
Kings 2001-02SFPeja Stojaković
66%
Hornets* 2007-08SFPeja Stojaković
66%
Suns 2004-05PFShawn Marion
64%
Cavaliers 2006-07CZydrunas Ilgauskas
64%
Wizards 2004-05PGGilbert Arenas
63%
Pacers 1999-00SFJalen Rose
61%
Hawks 2008-09PFJosh Smith
61%
Trail Blazers 1999-00SGSteve Smith
61%
Pacers 1999-00PGMark Jackson
60%
Raptors 2000-01PGMark Jackson
60%
Kings 2001-02PGMike Bibby
60%
Hawks 2008-09PGMike Bibby
60%
Spurs 2002-03SGStephen Jackson
60%
Kings 2001-02CVlade Divac
60%
Pistons 2003-04SFTayshaun Prince
59%
Heat 2005-06PFUdonis Haslem
57%
Clippers 2005-06PGSam Cassell
55%
Bucks 2000-01PGSam Cassell
55%
Timberwolves 2003-04PGSam Cassell
55%
Hornets* 2007-08CTyson Chandler
53%
Spurs 2002-03SFBruce Bowen
52%
Mavericks 2005-06PGJason Terry
51%
Trail Blazers 1999-00SFScottie Pippen
51%
Hornets* 2007-08PFDavid West
50%
Lakers 1999-00PFA.C. Green
49%
Knicks 1999-00SFLatrell Sprewell
49%
Timberwolves 2003-04SFLatrell Sprewell
49%
Magic 2008-09PFRashard Lewis
49%
SuperSonics 2004-05SFRashard Lewis
49%
Warriors 2006-07SFJason Richardson
47%
Suns 2004-05SGQuentin Richardson
47%
Nuggets 2008-09SGDahntay Jones
46%
Lakers 1999-00SFGlen Rice
46%
Nets 2001-02SFKeith Van Horn
46%
Nuggets 2008-09PFKenyon Martin
46%
Nets 2001-02PFKenyon Martin
46%
Lakers 1999-00PGRon Harper
46%
Hawks 2008-09CAl Horford
44%
Clippers 2005-06PFElton Brand
44%
Pacers 1999-00CRik Smits
44%
Rockets 2008-09SFRon Artest
44%
Magic 2008-09SFHedo Türkoğlu
43%
Warriors 2006-07SGMonta Ellis
43%
76ers 2000-01PFTyrone Hill
43%
Jazz 1999-00SGJeff Hornacek
42%
Wizards 2004-05PFAntawn Jamison
40%
76ers 2000-01PGEric Snow
40%
Knicks 1999-00SGAllan Houston
39%
Bulls 2006-07SGBen Gordon
38%
Trail Blazers 1999-00CArvydas Sabonis
36%
Bulls 2006-07SFLuol Deng
34%
Kings 2001-02SGDoug Christie
33%
Jazz 1999-00SFBryon Russell
32%
Bulls 2006-07PGKirk Hinrich
32%
Magic 2008-09SGCourtney Lee
31%
Rockets 2008-09SGShane Battier
31%
Bulls 2006-07PFP.J. Brown
30%
Hornets 2000-01CP.J. Brown
30%
Nuggets 2008-09CNenê Hilário
29%
Raptors 2000-01PFCharles Oakley
24%
Wizards 2004-05SGLarry Hughes
24%
Cavaliers 2006-07SGLarry Hughes
24%
Nets 2001-02SGKerry Kittles
23%
Mavericks 2005-06SGAdrian Griffin
22%
Clippers 2005-06CChris Kaman
21%
Hornets 2000-01SFJamal Mashburn
21%
Rockets 2008-09PFLuis Scola
21%
Cavaliers 2006-07PFDrew Gooden
19%
Rockets 2008-09PGAaron Brooks
18%
Magic 2008-09PGRafer Alston
17%
Warriors 2006-07PFAl Harrington
15%
Knicks 1999-00PGCharlie Ward
14%
Warriors 2006-07CAndris Biedriņš
13%
Wizards 2004-05CBrendan Haywood
13%
Clippers 2005-06SGCuttino Mobley
12%
Hornets 2000-01SGDavid Wesley
12%
Raptors 2000-01SGMorris Peterson
12%
Hornets* 2007-08SGMorris Peterson
12%
SuperSonics 2004-05PGLuke Ridnour
11%
Cavaliers 2006-07PGSasha Pavlović
11%
Mavericks 2005-06CDeSagana Diop
10%
Grizzlies 2003-04SGJames Posey
10%
Heat 2005-06SFJames Posey
10%
Timberwolves 2003-04SGTrenton Hassell
10%
76ers 2000-01SFGeorge Lynch
9%
Grizzlies 2003-04CLorenzen Wright
7%
Clippers 2005-06SFQuinton Ross
7%
SuperSonics 2004-05PFReggie Evans
7%
Nets 2001-02CTodd MacCulloch
7%
Hornets 2000-01PFElden Campbell
6%
Jazz 1999-00COlden Polynice
5%
Wizards 2004-05SFJared Jeffries
4%
Bucks 2000-01PFMark Pope
4%

Score Distribution

Percentile by Number Answered

Percent of People with Each Score

Your Score History

You have not taken this quiz since the last reset